00691nam a2200193 i 4500001000700000003000900007005001700016007000300033008004100036080003500077100002500112245011900137260005800256300002900314600004000343655004000383710003900423852003500462125522ES-MaACL20230906192639.0t|070615s1982 sp ||||1| spa d a75 Santamarina, José (064.3)1 aSantamarina, José.10aSantamarina b: [Museo de Bellas Artes de Asturias, Palacio de Velarde... Oviedo, del 10 al 27 de Diciembre 1982]. aOviedo : bMuseo de Bellas Artes de Asturias, c1982. a16 h. : bil. ; c22 cm.14aSantamarina, José-vExposiciones. 72tgfbneaCatálogos de exposiciones2 aMuseo de Bellas Artes de Asturias. aES-MaACLj2126-F-21 bR.105218